| 000 | 01003nam a22002177a 4500 | ||
|---|---|---|---|
| 005 | 2011090203423.0 | ||
| 010 | _aG-001150 | ||
| 020 |
_a 8188672181 _c60.00 |
||
| 035 | _aG-001150 | ||
| 037 | _bउपहार | ||
| 082 | _a921 | ||
| 100 |
_aसंधे, जगन्नाथ _934207 |
||
| 245 |
_aशहीद मदनलाल ढींगरा / _cजगन्नाथ संधे |
||
| 260 |
_aदिल्ली _bसाहित्यशिला प्रकाशन _c2005 |
||
| 270 |
_a598-बी, पांडव रोड़, विश्वास नगर, शाहदरा _bदिल्ली _k _e110032 |
||
| 300 |
_a56पृ. _b _c22 सेमी (सजिल्द) |
||
| 700 |
_aसपरा, चारू _934156 |
||
| 942 |
_2ddc _cCH _h921 _mढ़ीगरा |
||
| 999 |
_c56234 _d56234 |
||